000 00536cam a22001337a 4500
008 180718b1997 xxu||||| |||| 00| 0 eng d
020 _a9839827057
082 _aK12x595 C499t
245 _aThe civil service of Malaysia: towards excellence through ISO 9000 (improvements and developments in the civil service of Malaysia 1996)
260 _aKuala Lumpur
_bMalaysian Administrative Modernisation and Management Planning Unit
_c1997
300 _a225+p.
650 _aPublic administration - Malaysia
650 _aCivil service - Malaysia
999 _c483845
_d483845